| 000 | 00876 a2200193 4500 | ||
|---|---|---|---|
| 003 | NUST | ||
| 005 | 20230126184521.0 | ||
| 010 | _a68019949 | ||
| 040 | _cNust | ||
| 082 | _a900,WIL | ||
| 100 |
_aWill, Durant _925390 |
||
| 245 |
_aThe lessons of history / _cWill and Ariel Durant |
||
| 260 |
_aSimon and Schuster _bNew York _c1968 |
||
| 300 |
_a117 ,p.; _b26 cm |
||
| 505 | _aHesitations (Page-11), History and the Earth (Page-14), Biology and History (Page-18), Race and History (Page-25), Character and History (Page-32), Morals and History (Page-37), Religion and History (Page-43), Economics and History (Page-52), Socialism and History (Page-58), Government and History (Page-68), History and War (Page-81), Growth and Decay (Page-87), Is Progress Real (Page-95). | ||
| 600 | _aDurant, Will, | ||
| 650 |
_aThe lessons of history _911322 |
||
| 942 |
_2ddc _cBK _k900,WIL |
||
| 999 |
_c186150 _d186150 |
||